Indian epigraphy and theatre (Record no. 1435356)

MARC details
000 -LEADER
fixed length control field 00784 a2200241 4500
005 - DATE AND TIME OF LATEST TRANSACTION
control field 20251029152211.0
008 - FIXED-LENGTH DATA ELEMENTS--GENERAL INFORMATION
fixed length control field 251029b |||||||| |||| 00| 0 eng d
020 ## - INTERNATIONAL STANDARD BOOK NUMBER
International Standard Book Number 9788119391479 (hbk)
037 ## - SOURCE OF ACQUISITION
Terms of availability TB
040 ## - CATALOGING SOURCE
Original cataloging agency CRL
Transcribing agency CRL
041 ## - LANGUAGE CODE
Source of code eng
Language code of text/sound track or separate title eng
084 ## - COLON CLASSIFICATION NUMBER
Classification number V2:720aNT R3
Assigning agency CRL
100 ## - MAIN ENTRY--PERSONAL NAME
Personal name Saxena, Sharmila
9 (RLIN) 821177
245 ## - TITLE STATEMENT
Title Indian epigraphy and theatre
260 ## - PUBLICATION, DISTRIBUTION, ETC.
Place of publication, distribution, etc. New Delhi, India:
Name of publisher, distributor, etc. Asia Publishers and Distributors,
Date of publication, distribution, etc. 2025.
300 ## - PHYSICAL DESCRIPTION
Extent x, 280p.
365 ## - TRADE PRICE
Price amount 1800.00
Currency code INR
650 ## - SUBJECT ADDED ENTRY--TOPICAL TERM
Topical term or geographic name entry element Inscription
9 (RLIN) 849814
650 ## - SUBJECT ADDED ENTRY--TOPICAL TERM
Topical term or geographic name entry element India- History
9 (RLIN) 849815
650 ## - SUBJECT ADDED ENTRY--TOPICAL TERM
Topical term or geographic name entry element History
9 (RLIN) 849816
942 ## - ADDED ENTRY ELEMENTS (KOHA)
Koha item type Textbook
Source of classification or shelving scheme Colon Classification (CC)
Suppress in OPAC No
Classification part V2:720aNT R3
Holdings
Withdrawn status Lost status Source of classification or shelving scheme Damaged status Not for loan Home library Current library Date acquired Source of acquisition Cost, normal purchase price Inventory number Total Checkouts Full call number Barcode Date last seen Cost, replacement price Price effective from Koha item type
    Colon Classification (CC)     Central Library Central Library 2025-10-06 25/ Eastern Book Linkers 1440.00 37 & 2025-10-01   V2:720aNT R3 CL1923746 2025-10-06 1800.00 2025-10-06 Textbook
Copyright @ Delhi University Library System